Advances in probability and related topics

Guardat en:
Dades bibliogràfiques
Autors principals: Ney, Peter (Autor), Port, Sidney C (Autor)
Format: Llibre
Idioma:anglès
Publicat: Nueva York Marcel Dekker 1971
Matèries:
Etiquetes: Afegir etiqueta
Sense etiquetes, Sigues el primer a etiquetar aquest registre!

MARC

LEADER 00000nam a2200000 a 4500
001 UCP1075
003 CL-VaPUC
008 990326e19710000US |||||||||||||||||eng|d
082 0 4 |a 519.2  |b NEY  |2 21 
100 0 |a Ney, Peter  |e author  |9 426852 
700 0 |a Port, Sidney C  |e author  |9 426853 
245 1 0 |a Advances in probability and related topics 
300 |a 3 v 
942 |c BK 
945 |d 19990326 00:00:00  |a crobeson 
260 |a Nueva York  |b Marcel Dekker  |c 1971 
650 0 |a Teoría de probabilidades   |9 336944 
650 0 |a Grupos de Lie   |9 271231 
650 0 |a Álgebra de Lie  |9 271226 
650 0 |a Análisis armónico  |9 269929 
650 0 |a Teoría ergódica  |9 270156 
650 0 |a Espacio de Hilbert   |9 260141 
650 0 |a Procesos estocásticos   |9 260364 
583 |a last modification  |c 19990326 00:00:00  |k Rodrigo Vera 
999 |c 279791  |d 279789 
952 |0 0  |1 0  |4 0  |6 519_200000000000000_NEY_1971  |7 0  |8 A  |9 319574  |a BIBGIM  |b BIBGIM  |d 2019-11-20  |h v.1  |i 1334077  |o 519.2 NEY 1971  |p 1334077  |r 2025-01-15  |w 2019-11-20  |y BK  |k EST 
952 |0 0  |1 0  |4 0  |6 519_200000000000000_NEY_1971  |7 0  |8 A  |9 319575  |a BIBGIM  |b BIBGIM  |d 2019-11-20  |h v.2  |i 1334085  |o 519.2 NEY 1971  |p 1334085  |r 2025-01-15  |w 2019-11-20  |y BK  |k EST 
952 |0 0  |1 0  |4 0  |6 519_200000000000000_NEY_1971  |7 0  |8 A  |9 319576  |a BIBGIM  |b BIBGIM  |d 2019-11-20  |h v.3  |i 1334093  |o 519.2 NEY 1971  |p 1334093  |r 2025-01-15  |w 2019-11-20  |y BK  |k EST